[Event "Dutch Open 2012"]
[Site "Dieren NED"]
[Date "2012.07.27"]
[Round "4.14"]
[White "Vogel, Jaap"]
[Black "Ellenbroek, Ton"]
[Result "1-0"]
[WhiteTitle "FM"]
[WhiteElo "2179"]
[BlackElo "2047"]
[WhiteFideId "1000764"]
[BlackFideId "1002597"]
[EventDate "2012.07.24"]
[EventType "swiss"]

1. d4 d6 2. Nf3 g6 3. g3 Bg7 4. Bg2 e5 5. dxe5 dxe5 6. Qxd8+ Kxd8 7. Nc3 Nd7 8.
h4 h5 9. Ng5 Nh6 10. b3 Nc5 11. Ba3 Bf8 12. Rd1+ Nd7 13. Bxf8 Rxf8 14. Nh7 Rh8
15. Nf6 Nf5 16. Nxd7 Bxd7 17. Bxb7 Rb8 18. Bc6 Nd6 19. Bxd7 Kxd7 20. Ne4 f5 21.
Ng5 a5 22. O-O a4 23. e4 Kc6 24. Rfe1 axb3 25. cxb3 Rhe8 26. Re2 fxe4 27. Nxe4
Rb4 28. Rc2+ Kb6 29. Nxd6 1-0

[Event "Dutch Open 2012"]
[Site "Dieren NED"]
[Date "2012.07.27"]
[Round "4.15"]
[White "De Bruijne, Arian"]
[Black "Go, Benjamin"]
[Result "0-1"]
[WhiteElo "1934"]
[BlackElo "2164"]
[WhiteFideId "1039946"]
[BlackFideId "1014560"]
[EventDate "2012.07.24"]
[EventType "swiss"]

1. e4 e5 2. Nf3 Nc6 3. d4 exd4 4. Bc4 Nf6 5. O-O Bc5 6. e5 d5 7. exf6 dxc4 8.
Re1+ Kf8 9. Bg5 Qd7 10. Bh6 Rg8 11. Qd2 Qg4 12. Qg5 Qxg5 13. Nxg5 Bf5 14. fxg7+
Rxg7 15. Nd2 Bb4 16. Ngf3 Bxc2 17. Rec1 c3 18. Rxc2 cxd2 19. a3 Be7 20. Rxd2 Rd8
21. Rad1 Bf6 22. Ne1 Bg5 23. Bxg7+ Kxg7 24. Rd3 f5 25. Rb3 b6 26. Nf3 Bf6 27.
Rbd3 Ne5 28. Nxe5 Bxe5 29. g3 c5 30. f4 c4 31. R3d2 Bd6 32. Kf1 Bc5 33. Re1 d3
34. h3 h5 35. Kg2 Kf6 36. Kf3 Bd4 37. g4 hxg4+ 38. hxg4 fxg4+ 39. Kxg4 Bxb2 40.
Rxb2 c3 41. Rb5 Rg8+ 42. Kf3 d2 43. Rbe5 c2 44. Re6+ Kg7 45. Re7+ Kh6 46. Rh1+
Kg6 47. Ke4 d1=Q 0-1

[Event "Dutch Open 2012"]
[Site "Dieren NED"]
[Date "2012.07.27"]
[Round "4.16"]
[White "Ypma, Peter"]
[Black "Vos, Tjark"]
[Result "1/2-1/2"]
[WhiteElo "2175"]
[BlackElo "1958"]
[WhiteFideId "1027255"]
[BlackFideId "1020870"]
[EventDate "2012.07.24"]
[EventType "swiss"]

1. e4 c6 2. d4 d5 3. exd5 cxd5 4. c4 Nf6 5. c5 Nc6 6. Nf3 Bg4 7. Be2 Bxf3 8.
Bxf3 e5 9. dxe5 Nxe5 10. Qe2 Qe7 11. O-O Nxf3+ 12. Qxf3 Qxc5 13. b4 Qd4 14. Qe2+
Be7 15. Bb2 Qc4 16. Qe5 Qe4 17. Qc7 O-O 18. a3 b6 19. Nc3 Qc2 20. Rab1 d4 21.
Rfc1 Qb3 22. Nb5 Nd5 23. Qc6 Rac8 24. Qxc8 Rxc8 25. Rxc8+ Bf8 26. Nxd4 Qa2 27.
Rcc1 Nf4 28. Rf1 Nd3 29. Ba1 g6 30. Rb3 Nf4 31. Rf3 Bh6 32. Rd1 Qd5 33. Re1 Kf8
34. Bc3 g5 1/2-1/2

[Event "Dutch Open 2012"]
[Site "Dieren NED"]
[Date "2012.07.27"]
[Round "4.17"]
[White "Vereggen, Lars"]
[Black "Von Meijenfeldt, Bart"]
[Result "0-1"]
[WhiteElo "2051"]
[BlackElo "2123"]
[WhiteFideId "1029258"]
[BlackFideId "1032259"]
[EventDate "2012.07.24"]
[EventType "swiss"]

1. e4 c5 2. Nf3 d6 3. d4 cxd4 4. Nxd4 Nf6 5. Nc3 a6 6. h3 g6 7. g4 Nc6 8. Bg2
Bg7 9. Nxc6 bxc6 10. e5 dxe5 11. Qxd8+ Kxd8 12. Bxc6 Rb8 13. O-O Kc7 14. Bg2 Be6
15. f4 Nd7 16. f5 Bc4 17. Re1 gxf5 18. gxf5 f6 19. b3 Bf7 20. Be3 e6 21. Rad1
exf5 22. Bd5 Bh5 23. Rd3 e4 24. Rd4 Ne5 25. Bf4 Bf8 26. Rc4+ Kd7 27. Bxe5 fxe5
28. Bc6+ Ke6 29. Bd5+ Kd7 30. Bc6+ Kd8 31. Nd5 Rg8+ 32. Kf1 Rg6 33. Ne3 Rc8 34.
Bd5 Rxc4 35. Bxc4 Bb4 36. Rb1 Bc5 37. Re1 Rg3 0-1

[Event "Dutch Open 2012"]
[Site "Dieren NED"]
[Date "2012.07.28"]
[Round "5.1"]
[White "Ikonnikov, Vyacheslav"]
[Black "De Jong, Migchiel"]
[Result "1/2-1/2"]
[WhiteTitle "GM"]
[BlackTitle "IM"]
[WhiteElo "2537"]
[BlackElo "2358"]
[WhiteFideId "4100972"]
[BlackFideId "1002848"]
[EventDate "2012.07.24"]
[EventType "swiss"]

1. d4 e6 2. c4 Bb4+ 3. Bd2 Bxd2+ 4. Qxd2 d5 5. Nc3 Nf6 6. e3 O-O 7. Nf3 Qe7 8.
Rc1 Rd8 9. Qc2 dxc4 10. Bxc4 c5 11. O-O cxd4 12. Nxd4 Bd7 13. Nf3 Nc6 14. Qe2
Be8 15. h3 Rac8 16. Rfd1 Rxd1+ 17. Rxd1 Rd8 18. Re1 h6 19. a3 Qc5 20. b4 Qe7 21.
Qb2 e5 22. Rd1 Rxd1+ 23. Nxd1 e4 24. Nd2 Ne5 25. Qd4 Nc6 26. Qb2 Ne5 27. Nc3
Nxc4 28. Nxc4 Qe6 29. Nd2 Bc6 30. b5 Bd5 31. Qb4 b6 32. Qd4 Kf8 33. Kf1 Ke7 34.
Nxd5+ Qxd5 35. Qxd5 Nxd5 36. Nxe4 f5 37. Ng3 Ke6 38. Ne2 Kd6 39. Nd4 g6 40. Ke2
Kc5 41. Kd3 Nc7 42. e4 Nxb5 43. Nxb5 Kxb5 44. exf5 gxf5 45. Kd4 Kc6 46. Ke5 b5
47. Kxf5 Kd5 48. Kf4 Kd4 49. g4 a5 50. h4 b4 51. axb4 axb4 52. g5 hxg5+ 53. hxg5
b3 54. g6 b2 55. g7 b1=Q 56. g8=Q Qc1+ 57. Kf3 Qh1+ 58. Qg2 Qd1+ 59. Kg3 Ke5 60.
Kh4 Qd4+ 61. Kh5 Qf4 62. Qg5+ Ke4 63. Qg4 Ke5 64. f3 Qf5+ 65. Qg5 Ke6 66. f4
Qh7+ 67. Kg4 Qe4 68. Qg8+ Kf6 69. Qf8+ Kg6 70. Qd6+ Kf7 71. Qc7+ Kf6 72. Qb6+
Kf7 73. Qb3+ Kf6 74. Qb2+ Kf7 75. Qd2 Kf6 76. Qd6+ Kf7 77. Kg5 Qg2+ 78. Kf5 Qc2+
79. Ke5 Qc3+ 80. Ke4 Qc4+ 81. Kf3 Qf1+ 1/2-1/2

[Event "Dutch Open 2012"]
[Site "Dieren NED"]
[Date "2012.07.28"]
[Round "5.3"]
[White "Evengroen, Henk-Jan"]
[Black "Hendriks, Willy"]
[Result "0-1"]
[BlackTitle "IM"]
[WhiteElo "1968"]
[BlackElo "2422"]
[WhiteFideId "1019252"]
[BlackFideId "1000713"]
[EventDate "2012.07.24"]
[EventType "swiss"]

1. d4 Nf6 2. c4 c5 3. d5 b5 4. cxb5 a6 5. e3 e6 6. Nc3 exd5 7. Nxd5 Bb7 8. Nxf6+
Qxf6 9. Nf3 Bd6 10. Bd2 O-O 11. Bc3 Qe7 12. Bc4 axb5 13. Bxb5 Nc6 14. O-O Rab8
15. Qd3 Nb4 16. Bxb4 Bxf3 17. gxf3 Bxh2+ 18. Kxh2 Qh4+ 19. Kg2 Qg5+ 20. Kh2 Rb6
21. Qxd7 Rh6+ 22. Qh3 cxb4 23. Be2 Qe5+ 24. f4 Rxh3+ 25. Kxh3 Qxb2 26. Bc4 Rc8
27. Rab1 Qc2 28. Rbc1 Qf5+ 29. Kg3 h5 30. f3 Rd8 31. Rf2 Rd6 32. Kh2 Qf6 33. Kh3
Qe7 34. e4 Qd7+ 35. f5 Qa7 36. Rg2 Qd4 37. Bb3 Rd7 38. Rc8+ Kh7 39. Rf8 Qd3 40.
Rf2 Qe3 41. Kg2 h4 42. Rc8 Rd2 43. Rxd2 Qxd2+ 44. Kf1 h3 45. Bxf7 h2 46. Bg6+
Kh6 47. Rh8+ Kg5 48. e5 Kf4 49. f6 Ke3 0-1

[Event "Dutch Open 2012"]
[Site "Dieren NED"]
[Date "2012.07.28"]
[Round "5.4"]
[White "Schouten, Nico"]
[Black "Raznikov, Danny"]
[Result "0-1"]
[BlackTitle "IM"]
[WhiteElo "2232"]
[BlackElo "2462"]
[WhiteFideId "1001108"]
[BlackFideId "2811154"]
[EventDate "2012.07.24"]
[EventType "swiss"]

1. d4 Nf6 2. c4 e6 3. Nc3 Bb4 4. e3 O-O 5. Nf3 b6 6. Be2 Bb7 7. O-O c5 8. Nb5
cxd4 9. a3 Be7 10. exd4 a6 11. Nc3 d5 12. b3 Nc6 13. Na4 Qc7 14. Bb2 dxc4 15.
bxc4 Na5 16. Rc1 Rfd8 17. Qc2 Be4 18. Qc3 Bc6 19. Qc2 Rab8 20. Ne5 Be4 21. Qc3
Nc6 22. Qe3 Bd6 23. f4 Ne7 24. c5 bxc5 25. dxc5 Qa7 26. Nc4 Ned5 27. Qg3 Bxc5+
28. Nxc5 Qxc5+ 29. Kh1 Qe7 30. Be5 Ra8 31. Rfe1 h6 32. Na5 Qd7 33. Bc4 Bg6 34.
Ba2 Rac8 35. Rxc8 Rxc8 36. Nc4 Rd8 37. Bxf6 Nxf6 38. Ne5 Qd2 39. Bxe6 fxe6 40.
Nxg6 Rd3 41. Qh4 Rxa3 42. h3 Re3 43. Rb1 Rb3 44. Rxb3 Qd1+ 45. Kh2 Qxb3 46. f5
exf5 47. Ne7+ Kh7 48. Nxf5 Qb8+ 49. Ng3 a5 50. Kg1 Qb4 51. Qxb4 axb4 52. Ne2 b3
53. Nc3 b2 54. Kf1 Kg6 55. Ke1 Kf5 56. Kd1 Ne4 57. Nb1 Kf4 0-1

[Event "Dutch Open 2012"]
[Site "Dieren NED"]
[Date "2012.07.28"]
[Round "5.5"]
[White "Smeets, Jan"]
[Black "Colijn, Stefan"]
[Result "1-0"]
[WhiteTitle "GM"]
[WhiteElo "2620"]
[BlackElo "2220"]
[WhiteFideId "1007246"]
[BlackFideId "1016199"]
[EventDate "2012.07.24"]
[EventType "swiss"]

1. d4 Nf6 2. c4 c5 3. d5 e6 4. Nc3 exd5 5. cxd5 d6 6. Nf3 g6 7. h3 Bg7 8. e4 O-O
9. Bd3 b5 10. Nxb5 Nxe4 11. O-O a6 12. Na3 Nf6 13. Nc4 Bb7 14. Bf4 Bxd5 15. Bxd6
Re8 16. Bxc5 Nc6 17. Nb6 Bxf3 18. Qxf3 Ne5 19. Qxa8 Qxa8 20. Nxa8 Nxd3 21. Nc7
Rc8 22. Bb6 Nd7 23. Ba5 N7e5 24. Rad1 Nxb2 25. Rd5 Nec4 26. Nxa6 Bf6 27. Bb4 Ra8
28. Re1 Kg7 29. Nc7 Ne5 30. Nxa8 1-0

[Event "Dutch Open 2012"]
[Site "Dieren NED"]
[Date "2012.07.28"]
[Round "5.6"]
[White "Pijpers, Arthur"]
[Black "Maris, Ivo"]
[Result "1-0"]
[WhiteElo "2341"]
[BlackElo "2044"]
[WhiteFideId "1019554"]
[BlackFideId "1028146"]
[EventDate "2012.07.24"]
[EventType "swiss"]

1. e4 c5 2. Nf3 d6 3. d4 cxd4 4. Nxd4 Nf6 5. Nc3 e6 6. g4 h6 7. h4 Nc6 8. Rg1 h5
9. gxh5 Nxh5 10. Bg5 Nf6 11. Rg3 a6 12. Nxc6 bxc6 13. Qf3 Qb6 14. O-O-O Rb8 15.
b3 Nd7 16. h5 a5 17. h6 g6 18. Rh3 Qc5 19. Qg3 Qa3+ 20. Kb1 a4 21. Bc1 Qb4 22.
Nxa4 e5 23. Nc3 Nc5 24. Rh2 Be6 25. f4 exf4 26. Bxf4 Nxb3 27. cxb3 Bxb3 28. axb3
Qxb3+ 29. Kc1 Qa3+ 30. Kd2 Rb2+ 31. Kd3 Qa6+ 32. Ke3 Qa5 33. Rd3 Rb3 34. Ra2
Qc5+ 35. Kd2 Rxh6 36. Bxd6 Bxd6 37. Qxd6 Qxd6 38. Rxd6 Rh2+ 39. Be2 Rxe2+ 40.
Nxe2 1-0

[Event "Dutch Open 2012"]
[Site "Dieren NED"]
[Date "2012.07.28"]
[Round "5.8"]
[White "Sowray, Peter J"]
[Black "Maatman, Nick"]
[Result "0-1"]
[WhiteTitle "FM"]
[WhiteElo "2375"]
[BlackElo "2123"]
[WhiteFideId "400971"]
[BlackFideId "1040391"]
[EventDate "2012.07.24"]
[EventType "swiss"]

1. c4 Nf6 2. Nc3 d5 3. cxd5 Nxd5 4. g3 g6 5. Bg2 Nb6 6. d3 Bg7 7. Be3 Nc6 8. Rc1
Nd4 9. Nf3 Nxf3+ 10. Bxf3 O-O 11. Qd2 c6 12. h4 Re8 13. h5 Bf5 14. Ne4 Bxe4 15.
Bxe4 Qd6 16. Kf1 Nd5 17. Bh6 Qb4 18. hxg6 hxg6 19. Bxd5 Qxd2 20. Bxf7+ Kxf7 21.
Bxd2 Bxb2 22. Rb1 Bf6 23. Rxb7 Reb8 24. Rb4 Rxb4 25. Bxb4 Rb8 26. Bc5 a5 27. a3
Ke6 28. Kg2 Rb3 29. d4 Kd5 30. Rd1 Kc4 31. f4 a4 32. Kf2 e6 33. e4 Bd8 34. Rc1+
Kd3 35. Bf8 Kxe4 36. Rxc6 Rb2+ 37. Kg1 Kf3 38. Rc3+ Ke4 39. Bc5 Ba5 40. Rc4 Kf3
41. d5 exd5 42. Rd4 Rd2 43. Rxa4 Rd1+ 44. Kh2 Be1 45. Bg1 Bxg3+ 46. Kh1 Bf2 0-1

[Event "Dutch Open 2012"]
[Site "Dieren NED"]
[Date "2012.07.28"]
[Round "5.9"]
[White "Zwirs, Nico"]
[Black "Houben, Jaap"]
[Result "0-1"]
[WhiteElo "2173"]
[BlackElo "2269"]
[WhiteFideId "1036432"]
[BlackFideId "1028103"]
[EventDate "2012.07.24"]
[EventType "swiss"]

1. d4 g6 2. Nf3 Nf6 3. c4 Bg7 4. Nc3 O-O 5. e4 d6 6. Be2 c6 7. O-O a6 8. h3 Nbd7
9. Re1 e5 10. Bf1 b5 11. cxb5 axb5 12. d5 b4 13. dxc6 bxc3 14. cxd7 Qxd7 15.
bxc3 Bb7 16. Bd3 d5 17. Bg5 dxe4 18. Bxf6 exf3 19. Bxg7 Kxg7 20. Be4 Qxd1 21.
Raxd1 Bxe4 22. Rxe4 Rfc8 23. Rd3 Rc5 24. Rxf3 Rxa2 25. Rb4 f5 26. Rb7+ Kh6 27.
g4 e4 28. Rg3 f4 29. g5+ Rxg5 30. Rxh7+ Kxh7 31. Rxg5 Kh6 32. Re5 Ra4 33. h4 Rc4
34. Kf1 Kg7 35. Ke2 Kf6 36. Re8 Kf5 37. Kd2 Kg4 38. Re6 Kf3 39. Ke1 Rxc3 40.
Rxg6 Rc1+ 0-1

[Event "Dutch Open 2012"]
[Site "Dieren NED"]
[Date "2012.07.28"]
[Round "5.10"]
[White "Heemskerk, Wim"]
[Black "Hoogland, Dirk"]
[Result "1/2-1/2"]
[WhiteTitle "FM"]
[BlackTitle "CM"]
[WhiteElo "2252"]
[BlackElo "2169"]
[WhiteFideId "1001000"]
[BlackFideId "1012533"]
[EventDate "2012.07.24"]
[EventType "swiss"]

1. Nf3 c5 2. c4 g6 3. g3 Bg7 4. Nc3 Nc6 5. Bg2 d6 6. O-O e5 7. a3 Nge7 8. Rb1 a5
9. Ne1 O-O 10. Nc2 Be6 11. Ne3 Rb8 12. d3 h6 13. Bd2 Kh7 14. Ned5 f5 15. b4 axb4
16. axb4 cxb4 17. Nxb4 Nxb4 18. Rxb4 d5 19. cxd5 Nxd5 20. Nxd5 Bxd5 1/2-1/2

[Event "Dutch Open 2012"]
[Site "Dieren NED"]
[Date "2012.07.28"]
[Round "5.11"]
[White "Go, Benjamin"]
[Black "Arjun, Bharat"]
[Result "0-1"]
[BlackTitle "CM"]
[WhiteElo "2164"]
[BlackElo "2250"]
[WhiteFideId "1014560"]
[BlackFideId "5032725"]
[EventDate "2012.07.24"]
[EventType "swiss"]

1. e4 c5 2. b4 cxb4 3. a3 d5 4. exd5 Qxd5 5. Nf3 e5 6. c4 Qe6 7. Bd3 Nc6 8. O-O
Nf6 9. Re1 Bd6 10. Bb2 O-O 11. axb4 Nxb4 12. Bf1 e4 13. d3 Bc5 14. d4 Bd6 15.
Nbd2 b6 16. Ng5 Bxh2+ 17. Kxh2 Ng4+ 18. Kg1 Qd6 19. Ngf3 exf3 20. Nxf3 Bf5 21.
Ne5 Nxe5 22. Rxe5 Bg6 23. d5 Rfd8 24. Qb3 a5 25. Rae1 Qf8 26. Re7 Nc2 27. Ba3 a4
28. Qc3 Rac8 29. g3 b5 30. R1e5 bxc4 31. Re8 Qxe8 32. Rxe8+ Rxe8 33. d6 Red8 34.
Bh3 Rb8 35. d7 Nxa3 36. Qxa3 Ra8 37. Kf1 c3 38. Ke1 c2 39. Kd2 Rab8 40. Qe7 a3
41. Bf1 a2 0-1

[Event "Dutch Open 2012"]
[Site "Dieren NED"]
[Date "2012.07.28"]
[Round "5.14"]
[White "Van Liempt, Michael"]
[Black "Vesters, Melchior"]
[Result "1-0"]
[WhiteElo "1954"]
[BlackElo "1974"]
[WhiteFideId "1012665"]
[BlackFideId "1029134"]
[EventDate "2012.07.24"]
[EventType "swiss"]

1. e4 g6 2. d3 Bg7 3. c3 d5 4. Qc2 Nf6 5. Nd2 O-O 6. Ngf3 c6 7. Be2 b6 8. O-O
Ba6 9. Re1 e6 10. Nf1 Qc7 11. Ng3 c5 12. h3 Nbd7 13. e5 Ne8 14. d4 Bxe2 15. Qxe2
Qc6 16. h4 Nc7 17. h5 Rfc8 18. Ng5 h6 19. Nxf7 Kxf7 20. Qf3+ Ke7 21. hxg6 Rf8
22. Qg4 Rg8 23. Bxh6 Nf8 24. Qg5+ Ke8 25. Nh5 Bxh6 26. Nf6+ Kd8 27. Qxh6 Rxg6
28. Qxf8+ Ne8 29. Re3 1-0

[Event "Dutch Open 2012"]
[Site "Dieren NED"]
[Date "2012.07.28"]
[Round "5.15"]
[White "Von Meijenfeldt, Bart"]
[Black "Van Lanen, Antoon"]
[Result "0-1"]
[WhiteElo "2123"]
[BlackElo "2147"]
[WhiteFideId "1032259"]
[BlackFideId "1008064"]
[EventDate "2012.07.24"]
[EventType "swiss"]

1. e4 c5 2. Nf3 e6 3. d4 cxd4 4. Nxd4 Nf6 5. Nc3 d6 6. Be3 a6 7. Qd2 Nc6 8. f3
d5 9. Bd3 e5 10. Nxc6 bxc6 11. exd5 cxd5 12. Bg5 Be6 13. O-O Qb6+ 14. Kh1 Qxb2
15. Rab1 Qa3 16. Rb3 Qa5 17. f4 d4 18. fxe5 dxc3 19. Qf4 Nd5 20. Qf3 h6 21. Bf5
Qc7 22. Bxe6 fxe6 23. Rxc3 hxg5 24. Rxc7 Nxc7 25. Qc6+ Kd8 26. Rf7 Be7 27. Rxe7
Kxe7 28. Qxc7+ Kf8 29. Qd6+ Kg8 30. Qxe6+ Kh7 31. Qf5+ Kh6 32. Qh3+ Kg6 33. Qd3+
Kh6 34. g4 g6 35. e6 Rh7 36. Qh3+ Kg7 37. Qc3+ Kh6 38. Qh3+ Kg7 39. Qc3+ Kh6 40.
Qe3 Re7 41. h4 Kh7 42. hxg5 Rae8 43. Qf3 Kg8 44. Kg2 Rxe6 45. Qb3 Kf8 46. Qf3+
Kg8 47. Qb3 Re7 48. Kg1 Kf8 49. Qf3+ Rf7 50. Qa3+ Ke8 51. Qc3 Rd7 52. Qh8+ Ke7
53. Qg7+ Kd6 54. Qd4+ Kc7 55. Qa7+ Kd8 56. Qb8+ Ke7 57. Qb4+ Ke8 58. Qc3 Kd8 59.
Qa5+ Kc8 60. Qc5+ Rc7 61. Qd5 Rec6 62. Qg8+ Kb7 63. Qd5 Ka7 64. Qd4+ Rc5 65. Qe3
Rc6 66. Qe7+ Kb6 67. Qe3 a5 68. Kf1 Ka6 69. Qd3+ Rc4 70. Ke1 Kb6 71. Qd8+ Kb5
72. Qd5+ Kb4 73. Kd1 a4 74. Qd3 Rc3 75. Qe4+ Ka3 76. Kd2 Rxc2+ 77. Qxc2 Rxc2+
78. Kxc2 Kxa2 79. Kc3 Ka3 80. Kd4 Kb4 81. Ke5 a3 82. Kf6 a2 83. Kxg6 a1=Q 84.
Kh7 Qa7+ 85. Kh6 Qb8 86. g6 Qg8 0-1

[Event "Dutch Open 2012"]
[Site "Dieren NED"]
[Date "2012.07.28"]
[Round "5.16"]
[White "Ellenbroek, Ton"]
[Black "Ypma, Peter"]
[Result "1/2-1/2"]
[WhiteElo "2047"]
[BlackElo "2175"]
[WhiteFideId "1002597"]
[BlackFideId "1027255"]
[EventDate "2012.07.24"]
[EventType "swiss"]

1. d4 Nf6 2. c4 e6 3. Nc3 Bb4 4. g3 c5 5. Nf3 Ne4 6. Bd2 Nxd2 7. Qxd2 cxd4 8.
Nxd4 Nc6 9. Bg2 Nxd4 10. Qxd4 Qf6 11. Rd1 Qxd4 12. Rxd4 Rb8 13. O-O Bxc3 14.
bxc3 b6 15. Rb1 Bb7 16. c5 Bxg2 17. Kxg2 Ke7 18. Rdb4 Ra8 19. cxb6 axb6 20. a4
Rhc8 21. R1b3 Rc5 22. e4 e5 23. f4 f6 24. f5 Rc6 25. Ra3 Kd8 26. Kf3 Kc7 27. Ke3
Rd6 28. Ke2 Kd8 29. Rb2 Ke7 30. Rd2 Ra5 31. c4 Rxd2+ 32. Kxd2 Kd6 33. Kc3 Kc5
34. Ra1 Ra7 35. g4 d6 36. h4 h6 37. Kb3 Ra8 38. Rd1 h5 39. g5 fxg5 40. hxg5 h4
41. Rd5+ Kc6 42. Rd3 Rh8 43. Rh3 Kc5 44. Kc3 Rh5 45. g6 Rh8 46. Kd3 Kb4 47. Ke3
Kxc4 48. Kf3 Kd3 49. Kg4+ Kxe4 50. Kg5 d5 51. f6 gxf6+ 52. Kxf6 d4 53. g7 Rg8
54. Rxh4+ Kd5 55. Rh8 Rxg7 56. Kxg7 e4 57. Kf6 e3 58. Re8 Kc4 59. Kf5 d3 60.
Re4+ Kc3 61. Rxe3 Kc2 1/2-1/2

[Event "Dutch Open 2012"]
[Site "Dieren NED"]
[Date "2012.07.28"]
[Round "5.17"]
[White "Van Osch, Mees"]
[Black "De Bruijne, Arian"]
[Result "1-0"]
[WhiteElo "2071"]
[BlackElo "1934"]
[WhiteFideId "1035967"]
[BlackFideId "1039946"]
[EventDate "2012.07.24"]
[EventType "swiss"]

1. e4 c5 2. Nf3 d6 3. d4 cxd4 4. Nxd4 Nf6 5. Nc3 a6 6. Bg5 Nbd7 7. Qe2 g6 8. f4
Qc7 9. O-O-O Bg7 10. g4 e5 11. Nb3 b5 12. a3 O-O 13. f5 Bb7 14. Bxf6 Bxf6 15.
Qd2 Nc5 16. Nxc5 dxc5 17. g5 Rfd8 18. Nd5 Rxd5 19. exd5 Be7 20. f6 Bd6 21. h4 b4
22. axb4 cxb4 23. h5 e4 24. Kb1 Re8 25. hxg6 fxg6 26. Bh3 Bc8 27. Be6+ Bxe6 28.
dxe6 Rxe6 29. Qd5 Qf7 30. Rhe1 e3 31. Rd3 e2 32. Qc6 Bf8 33. Qf3 h6 34. gxh6
Qxf6 35. Qxf6 Rxf6 36. Rxe2 Bxh6 37. Rd8+ Bf8 38. Re4 Kg7 39. Rg4 Kf7 40. Ka2
Be7 41. Rd2 Rf5 42. Rd7 Kf6 43. Ra7 Ra5+ 44. Kb3 g5 45. Rg1 Bd6 46. Rd7 Ke6 47.
Rg7 Kf6 48. Rg8 Rc5 49. Ra8 a5 50. Ra6 Ke7 51. Re1+ Be5 52. Rg6 Kd7 53. Rxg5 Kd6
54. Rgxe5 Rxe5 55. Rxe5 Kxe5 56. Ka4 Kd4 57. Kxa5 b3 58. cxb3 Kc5 59. b4+ Kc6
60. Ka6 Kc7 61. b5 Kb8 62. Kb6 Ka8 63. Kc7 1-0

[Event "Dutch Open 2012"]
[Site "Dieren NED"]
[Date "2012.07.28"]
[Round "5.18"]
[White "Markus, John Raymond"]
[Black "Vereggen, Lars"]
[Result "0-1"]
[WhiteElo "2147"]
[BlackElo "2051"]
[WhiteFideId "1001213"]
[BlackFideId "1029258"]
[EventDate "2012.07.24"]
[EventType "swiss"]

1. d4 Nf6 2. Nf3 e6 3. Bg5 Be7 4. Nbd2 d5 5. e3 Nbd7 6. Bd3 b6 7. c3 Bb7 8. O-O
O-O 9. Ne5 Nxe5 10. dxe5 Nd7 11. Bxe7 Qxe7 12. f4 f6 13. exf6 Rxf6 14. Qc2 g6
15. e4 Raf8 16. exd5 Bxd5 17. c4 Bb7 18. Be4 Bxe4 19. Qxe4 Nc5 20. Qe3 Rd8 21.
b4 Rd3 22. Qe2 Qd8 23. Rad1 Qd4+ 24. Kh1 Re3 25. Qg4 Nd3 26. Nb3 Qxc4 27. Qg5
Rxf4 28. Qd8+ Kg7 29. Nd2 Qxb4 30. Qxc7+ Kh6 31. Rxf4 Qxf4 32. Qxf4+ Nxf4 33. g3
Nd3 34. Kg2 Re2+ 35. Kf3 Rxh2 36. Ne4 Nc5 37. Nf2 Kg7 38. g4 g5 39. Rd8 Rh6 40.
Ra8 Rf6+ 41. Ke3 Rf7 42. Ne4 Nxe4 43. Kxe4 Kf6 44. Rc8 Re7 45. a4 a5 46. Rf8+
Rf7 47. Rb8 Rc7 48. Kd4 Rc1 0-1

[Event "Dutch Open 2012"]
[Site "Dieren NED"]
[Date "2012.07.30"]
[Round "6.2"]
[White "Hendriks, Willy"]
[Black "De Jong, Migchiel"]
[Result "1-0"]
[WhiteTitle "IM"]
[BlackTitle "IM"]
[WhiteElo "2422"]
[BlackElo "2358"]
[WhiteFideId "1000713"]
[BlackFideId "1002848"]
[EventDate "2012.07.24"]
[EventType "swiss"]

1. e4 c5 2. Nf3 e6 3. c3 d5 4. e5 d4 5. g3 Nc6 6. Bg2 Nge7 7. O-O Nf5 8. d3 dxc3
9. bxc3 b6 10. Na3 Bb7 11. Nc4 b5 12. Rb1 a6 13. a4 Na7 14. axb5 Nxb5 15. Qa4
Bc6 16. Na5 Bd7 17. Qa1 Be7 18. Nd2 O-O 19. Ndc4 Ra7 20. Bd2 Qc7 21. Rb2 Rd8 22.
Rb3 Be8 23. Be4 f6 24. Bf4 g5 25. exf6 gxf4 26. fxe7 Nxe7 27. Qd1 Nd5 28. Qg4+
Kh8 29. Qxe6 Bf7 30. Qh6 Bg8 31. Nc6 Nbxc3 32. Nxd8 Qxd8 33. Ne5 Rg7 34. Rb7 Qf6
35. Qxf6 Nxf6 36. Rxg7 Kxg7 37. Bc6 a5 38. Ra1 Na2 39. Bb5 a4 40. Bxa4 Bd5 41.
Bc6 Be6 42. Bb5 Nc3 43. Ra7+ Kh6 44. Ra6 Ne2+ 45. Kg2 Nd4 46. Bc4 Bxc4 47. Rxf6+ 1-0

[Event "Dutch Open 2012"]
[Site "Dieren NED"]
[Date "2012.07.30"]
[Round "6.5"]
[White "Houben, Jaap"]
[Black "Beerdsen, Thomas"]
[Result "1-0"]
[WhiteElo "2269"]
[BlackElo "2044"]
[WhiteFideId "1028103"]
[BlackFideId "1030108"]
[EventDate "2012.07.24"]
[EventType "swiss"]

1. e4 c5 2. Nc3 a6 3. f4 b5 4. Nf3 Bb7 5. d3 e6 6. g3 Nf6 7. Bg2 d5 8. e5 Nfd7
9. O-O Be7 10. d4 Nc6 11. Be3 O-O 12. Ne2 Qb6 13. c3 b4 14. g4 a5 15. Bf2 Ba6
16. f5 a4 17. Re1 a3 18. Rb1 Qa5 19. Nf4 axb2 20. cxb4 Nxb4 21. fxe6 c4 22. Rxb2
fxe6 23. Nxe6 Rfc8 24. Nfg5 h6 25. Rxb4 hxg5 26. Qb1 Nf8 27. Nxf8 Rxf8 28. Rb2
c3 29. Rc2 Bd3 30. Qb3 Bxc2 31. Bxd5+ Kh8 32. Re3 Bh7 33. Rh3 Rxf2 34. Kxf2 Rf8+
35. Kg2 Qa6 36. Bc4 Qg6 37. Bd3 Qxd3 38. Rxd3 Bxd3 39. Qxc3 Be4+ 40. Kg1 Bd5 41.
Qa5 Be6 42. d5 Bxg4 43. Kg2 Rf5 44. Qc7 Bf8 45. d6 Rxe5 46. d7 Re2+ 47. Kf1 Be7
48. d8=Q+ Bxd8 49. Qxd8+ Kh7 50. Qd3+ 1-0

[Event "Dutch Open 2012"]
[Site "Dieren NED"]
[Date "2012.07.30"]
[Round "6.6"]
[White "Arjun, Bharat"]
[Black "Evengroen, Henk-Jan"]
[Result "1/2-1/2"]
[WhiteTitle "CM"]
[WhiteElo "2250"]
[BlackElo "1968"]
[WhiteFideId "5032725"]
[BlackFideId "1019252"]
[EventDate "2012.07.24"]
[EventType "swiss"]

1. Nf3 Nf6 2. c4 g6 3. Nc3 Bg7 4. e4 d6 5. d4 O-O 6. Be2 a6 7. O-O Nbd7 8. Be3
c5 9. h3 Re8 10. Rc1 Qc7 11. Re1 cxd4 12. Nxd4 e6 13. b3 b6 14. f4 Bb7 15. Bf3
Nc5 16. Qc2 Rad8 17. Qb1 e5 18. Nde2 Nfxe4 19. Nxe4 exf4 20. Bxc5 dxc5 21. Ng5
Rd2 22. Rc2 Rxc2 23. Qxc2 Bd4+ 24. Kh1 Re3 25. Rd1 h6 26. Nxd4 cxd4 27. Bxb7 d3
28. Qf2 hxg5 29. Bf3 Qe5 30. Qd2 f5 31. b4 Kh7 32. Rc1 Qe6 33. Qd1 Qd7 34. Kh2
g4 35. hxg4 fxg4 36. Bxg4 Qd8 37. Bh3 d2 38. c5 Re1 39. Qxe1 dxe1=Q 40. Rxe1
bxc5 41. bxc5 f3 42. Rc1 Qf6 43. Kh1 f2 44. Rf1 Qb2 45. g3 Qxa2 46. Kh2 Qc2 47.
c6 Qxc6 48. Rxf2 a5 49. Re2 Qd5 50. Kg1 Qd1+ 51. Kf2 Qd4+ 52. Kg2 Qc4 53. Kf2 a4
54. Be6 Qc5+ 55. Kg2 g5 56. Kf3 a3 57. Ba2 Kg6 58. Kg2 g4 59. Rf2 Qc6+ 60. Kg1
Qc1+ 61. Kg2 Qh6 62. Kg1 Qh3 63. Rg2 Kf5 64. Rf2+ Ke4 65. Rg2 Ke3 66. Bb3 Qh8
67. Ba2 Qd4 68. Rf2 Qd1+ 69. Kg2 Qa1 70. Bf7 Qb1 71. Ba2 Qd3 72. Bf7 Qh7 73. Kg1
Qb1+ 74. Kg2 Qe1 75. Rc2 Qa5 76. Rf2 Qa8+ 77. Kg1 Qh8 78. Ba2 Qh1+ 1/2-1/2